000 00839nam a2200217 a 4500
001 000027316
005 20240409073641.0
008 110331s1984 dr ab 000 0 spa d
040 _aDO-SdBNP
_bspa
_cBNPHU
082 _a972.93054
_bC737d
245 0 0 _aComplot develado /
_cprólogo : Rafael Valera Benítez.
260 _aSanto Domingo :
_bFundación Testimonio ;
_bTaller,
_c1984.
300 _a364 p. :
_bil., retrs. ;
_c25 cm.
490 1 _aFundación Testimonio
_v1
610 2 4 _aMOVIMIENTO REVOLUCIONARIO 14 DE JUNIO (REPÚBLICA DOMINICANA)
_91373
650 4 _aMovimiento popular dominicano
_954399
651 4 _aRepública Dominicana
_xPolítica Y Gobierno
_xHistoria
_y1930-1961
_944930
700 1 2 _aValera Benítez, Rafael
_epról.
_924318
830 0 _aFundación Testimonio
_v1
_954400
910 _aValidado. Control de calidad MFF
999 _c26808
_d26808